000 00719nmc a2200265 a 4500
003 AR-BaBNM
005 20251128203045.0
008 106019s1950 ||||||||||||||000 | spa||
040 _cAR-BaBNM
100 1 _aNohl, Hermann
245 1 0 _aAntropología pedagógica
250 _a1ª ed.
260 _aMéxico, D.F.
_bFondo de Cultura Económica
_c1950
300 0 _a307 p.
490 0 _aBreviarios
_vv. 21
504 _aContiene bibliografía en notas a pie de página
650 4 _aTEORIAS DE LA EDUCACION
650 4 _aPEDAGOGIA
650 4 _aFILOSOFIA DE LA EDUCACION
650 4 _aVALORES
650 4 _aHISTORIA DE LA EDUCACION
700 1 _aSilva, Carlos
_etraductor
942 _cBK
998 _cSILVI
999 _c1694
_d1694